| 000 | 00527nam a2200145 a 4500 | ||
|---|---|---|---|
| 008 | 120416s1990 ||||||||||||||||| || u | ||
| 050 | _aHF 5549 Man | ||
| 100 | _aVroom, Victor H | ||
| 245 | 1 | 0 | _aManage people, not personnel |
| 246 | _amotivation and performance appraisal | ||
| 260 |
_aBoston, Mass. _bHavard Business _c1990 |
||
| 300 | _axvi, 267p. | ||
| 350 | _a0.00 | ||
| 995 |
_D0.00 _FCBU-MAIN LIBRARY (Kitwe) _H1 _I29.95 _UAVAILABLE _ZMain Library Open Access Collection |
||
| 999 |
_c49812 _d49812 |
||